MARC

LEADER 00000nam0a2200000 4500
001 330248
005 20231102004237.0
035 |a (RuTPU)RU\TPU\book\356022 
090 |a 330248 
100 |a 20170330d1954 k y0rusy50 ca 
101 0 |a rus 
102 |a RU 
105 |a a z 001zy 
200 1 |a Геологические основы поисков и разведок рудных месторождений  |f В. И Смирнов 
210 |a Москва  |c Изд-во Московского ун-та  |d 1954 
215 |a 546 с.  |c ил. 
320 |a Библиогр.: с. 530-540 
606 |a Рудные месторождения  |x Поиски и разведка  |2 stltpush  |3 (RuTPU)RU\TPU\subj\25956  |9 49987 
610 1 |a черные металлы 
610 1 |a легкие металлы 
610 1 |a цветные металлы 
610 1 |a редкие металлы 
610 1 |a благородные металлы 
610 1 |a промышленные типы 
610 1 |a изверженные породы 
610 1 |a геологические структуры 
610 1 |a распределение 
610 1 |a систематика 
610 1 |a поисковые признаки 
610 1 |a приповерхностные месторождения 
610 1 |a оценка 
610 1 |a выработки 
610 1 |a изучение 
610 1 |a опробование 
610 1 |a документация 
610 1 |a химические пробы 
610 1 |a отбор 
610 1 |a запасы 
610 1 |a подсчет 
675 |a 553.3/.4:550.8  |v 4 
700 1 |a Смирнов  |b В. И  |g Владимир Иванович 
801 1 |a RU  |b 63413507  |c 20170330 
801 2 |a RU  |b 63413507  |c 20190626  |g RCR 
942 |c BK